000 00957nam0a22002651 4500
001 rc\4845849
005 20250612194318.0
021 _aRU
_b[60-38966]
035 _a(NLR Aleph) 008812522
090 _a8170827
_c8170827
100 _a20130426d1960 |||y0rusy50 ca
101 1 _arus
_ckir
102 _aRU
105 _ac z |||a|
200 1 _aДорогой песен
_e[Стихи
_eПер. с кирг.
210 _aМосква]
_cМол. гвардия
_d1960
215 _a143 с.
_cпортр.
_d17
327 0 _aРазделы: Стихотворения: Старинные песни-жалобы; Поэмы и сказки
464 0 _12001#$aСтихотворения$eСтаринные песни-жалобы$aПоэмы и сказки
_tПоэмы и сказки
700 0 _aТоголок Молдо
_f1860-1942
801 0 _aRU
_bNLR
_gpsbo
801 1 _aRU
_bELAR
_2rusmarc
852 _aNLR
_j60-2/1234
942 _cBOOK
980 _aNB